Lét és nemlét mérnöke. Jékely Zoltán halálának 20. évfordulójára. {La 20 de ani de la moartea lui Jékely Zoltán.} [20 years of the Jékely Zoltán's death.
Elmentve itt :
| Szerző: | |
|---|---|
| Adatforrás: | Meister |
| Forrásdokumentuma: | A Hét. - 2002. 10, 7. |
| Nyelv: | magyar |
| Kulcsszavak: | irodalomtörténet istoria literaturii history of literature JÉKELY Zoltán |
| LEADER | 00562nab a2200157 i 4500 | ||
|---|---|---|---|
| 001 | bibPRO00012622 | ||
| 008 | 080908s2002 xx hun | ||
| 040 | |a Sz1 | ||
| 041 | |a hun | ||
| 100 | 1 | |a POMOGÁTS Béla | |
| 245 | 1 | 0 | |a Lét és nemlét mérnöke. Jékely Zoltán halálának 20. évfordulójára. {La 20 de ani de la moartea lui Jékely Zoltán.} [20 years of the Jékely Zoltán's death. |c POMOGÁTS Béla |
| 695 | |a irodalomtörténet | ||
| 695 | |a istoria literaturii | ||
| 695 | |a history of literature | ||
| 695 | |a JÉKELY Zoltán | ||
| 773 | 0 | |t A Hét. - |g 2002. 10, 7. | |